First Aid : Management of injuries and common ailments (Record no. 155088)
[ view plain ]
| 000 -LEADER | |
|---|---|
| fixed length control field | 00392nam a2200133Ia 4500 |
| 008 - FIXED-LENGTH DATA ELEMENTS--GENERAL INFORMATION | |
| fixed length control field | 230411s9999 xx 000 0 und d |
| 041 ## - LANGUAGE CODE | |
| Language code of text/sound track or separate title | eng |
| 082 ## - DEWEY DECIMAL CLASSIFICATION NUMBER | |
| Classification number | F/610.7304/GAN/GAN/B04427 |
| 100 ## - MAIN ENTRY--PERSONAL NAME | |
| Personal name | Ganguli L K & Ganguli A K |
| 9 (RLIN) | 176363 |
| 245 ## - TITLE STATEMENT | |
| Title | First Aid : Management of injuries and common ailments |
| 260 ## - PUBLICATION, DISTRIBUTION, ETC. (IMPRINT) | |
| Name of publisher, distributor, etc. | Academic Publishers |
| Place of publication, distribution, etc. | Kolkata |
| Date of publication, distribution, etc. | 1983 |
| 300 ## - PHYSICAL DESCRIPTION | |
| Extent | 117p |
| Withdrawn status | Lost status | Damaged status | Not for loan | Collection code | Home library | Current library | Date acquired | Vendor | Cost, normal purchase price | Total Checkouts | Full call number | Barcode | Date last seen | Cost, replacement price | Bill Date | Koha item type | Original Barcode |
|---|---|---|---|---|---|---|---|---|---|---|---|---|---|---|---|---|---|
| Smt. Bakul Tambat Institute of Nursing Education | Smt. Bakul Tambat Institute of Nursing Education | 27/11/2007 | M.K.S.S.S I.N.E.Ratnagiri. | 30.00 | F 610.7304 GAN GAN B04427 | BTIN-BK-4427 | 11/04/2023 | 30.00 | 27/11/2007 | Books | B04427 |